| 000 | 00378nam a22001577a 4500 | ||
|---|---|---|---|
| 005 | 20260408110507.0 | ||
| 008 | 160627b xxu||||| |||| 00| 0 eng d | ||
| 041 | _aeng | ||
| 082 | _a428 | ||
| 100 |
_aLewis, Norman _92967 |
||
| 245 | _aWord Power made easy | ||
| 260 |
_bW.R. Goyel _c2004 |
||
| 300 | _a686 | ||
| 650 |
_aStandard English usage & vocabulary _98939 |
||
| 942 | _cBK | ||
| 999 |
_c4292 _d4291 |
||